000 00745nam a2200217Ia 4500
003 GCL
008 140319s9999 xx 000 0 ara d
040 _aGCL /
_cGCL
082 0 4 _a200.1
_bس ا
100 1 _aسميح دغيم
245 1 0 _aاديان ومعتقدات العرب قبل الاسلام /
_cسميح دغيم
260 _aبيروت :
_bدار الفكر اللبنانى ،
_c1995
300 _a208 ص ؛
_c24 سم
490 _aموسوعة الاديان السماوية والوضعية
_v4
650 0 4 _aالديانات
650 0 4 _aالديانة المسيحية
650 0 4 _aالديانة الاسلامية
650 0 4 _aالديانة اليهودية
650 0 4 _aالمعتقدات
942 _2ddc
_cBK
999 _c48230
_d48230